000
00401nam a2200157Ia 4500
008
090124s9999 xx 000 0 und d
082
_b
16506
_a
5536
245
_a
गांव
250
_a
1
260
_c
1967
300
_a
355
630
_a
गांव
700
_a
कुलकर्णी जी.ए.(गुरुनाथ आबाजी )
730
_a
गांव
942
_c
BOOK
999
_c
130446
_d
130446